Les personnages du special The Punisher : One Last Kill - Statistiques

Statistiques générales
  • Ce quiz a été pris 3 fois
  • Le résultat moyen est 2 sur 17
Statistiques - réponses
Réponse % Correct
Frank Castle / Le Punisher
100%
Curtis Hoyle
33%
Karen Page
33%
Barry / Barracuda
0%
Benny Gnucchi
0%
Bobby Gnucchi
0%
Carlo Gnucchi
0%
Charli
0%
Colton Hill
0%
Debbie
0%
Dre
0%
Eddie Gnucchi
0%
Frank Jr
0%
Lisa Castle
0%
Ma Gnucchi
0%
Maria Castle
0%
Mickey
0%
Aucun quiz correspondant
Distribution des résultats
% des personnes avec chaque résultat
Percentile par nombre de réponses
Votre historique - résultats
Vous n’avez pas pris ce quiz